Score 0/10 Timer 05:00
2 Plays Today
Question Answer % Correct
What is Robin's popstar name?Robin Sparkles
81.1%
What part of Marshall's body does Lily have a weakness for?Calves
74.5%
What word can Lily not stand to hear?Moist
71.9%
Who does Barney think is his father?Bob Barker
59.9%
Who is Lily and Marshall's limo driver after their wedding?Ranjit
55.4%
Who plays Barney's brother?Wayne Brady
47.7%
What movie is Ted upset that Robin hates?Field of Dreams
35.4%
What magazine does Robin call to cancel her subscription as Ted is moving in?Guns and Ammo
33.4%
What Broadway show does Marshall see with Brad?Mamma Mia!
31.8%
What is Scooter's real name?Bill
23.8%
Remove Ads.
Support Sporcle.
Get the best of Sporcle when you Go Orange. This ad-free experience offers more features, more stats, and more fun while also helping to support Sporcle. Thank you for becoming a member.

You're not logged in!

Compare scores with friends on all Sporcle quizzes.
OR
Log In

Show Comments

Extras

Top Quizzes Today


Score Distribution

Your Account Isn't Verified!

In order to create a playlist on Sporcle, you need to verify the email address you used during registration. Go to your Sporcle Settings to finish the process.

Report this User

Report this user for behavior that violates our Community Guidelines.

Details: